| 000 | 00439nam a22001337a 4500 | ||
|---|---|---|---|
| 008 | 190620b xxu||||| |||| 00| 0 eng d | ||
| 020 | _a9780749318949 | ||
| 050 |
_aPR 83 _b.D132 1960 vol.2 |
||
| 100 | _aDavid Daiches | ||
| 245 |
_aA Critical history of english literature volume II: _bThe restoration to the present day/ _cDavid Daiches |
||
| 260 |
_aBritain: _bMandarin paperback _c1960. |
||
| 300 | _a1211 p. :190 cm. | ||
| 942 |
_2lcc _cBK |
||
| 999 |
_c361928 _d361928 |
||